[Event "84th ESP-ch 2019"]
[Site "Marbella"]
[Date "2019.11.22"]
[Round "7.26"]
[White "Jimenez Ruano, Adrian"]
[Black "Antonano Fedz-Quincoces, Avelino"]
[Result "1-0"]
[WhiteElo "2269"]
[BlackElo "2021"]
[Annotator "NA"]
[PlyCount "74"]
[EventDate "2019.11.16"]
[EventType "swiss"]
[EventCountry "ESP"]
[SourceTitle "playchess.com"]
[Source "ChessBase"]
[SourceQuality "1"]
[TimeControl "5400+30"]

1. Nf3 {[%emt 0:00:00]} c5 {[%emt 0:00:00]} 2. e4 {[%emt 0:00:00]} g6 {[%emt 0:00:00]} 3. c4 {[%emt 0:00:00]} Bh6 {[%emt 0:02:43]} 4. d4 {[%emt 0:19:36]} Bxc1 5. Qxc1 cxd4 {[%emt 0:01:12]} 6. Nxd4 {[%emt 0:00:55]} Nc6 {[%emt 0:02:00]} 7. Nxc6 {[%emt 0:04:04]} dxc6 {[%emt 0:00:11]} 8. Nc3 {[%emt 0:05:45]} e5 {[%emt 0:03:29]} 9. Be2 {[%emt 0:00:33]} Be6 {[%emt 0:10:56]} 10. O-O {[%emt 0:00:38]} g5 {[%emt 0:13:36]} 11. Na4 {[%emt 0:26:57]} b6 {[%emt 0:09:08]} 12. Qc3 {[%emt 0:00:18]} Qf6 {[%emt 0:01:15]} 13. b4 {[%emt 0:09:25]} Ne7 {[%emt 0:01:45]} 14. c5 {[%emt 0:00:30]} b5 {[%emt 0:02:49]} 15. Nb2 {[%emt 0:00:02]} O-O {[%emt 0:00:38]} 16. h4 {[%emt 0:04:24]} Ng6 {[%emt 0:05:49]} 17. hxg5 {[%emt 0:14:14]} Qxg5 {[%emt 0:00:04]} 18. Rfd1 {[%emt 0:02:39]} Nf4 {[%emt 0:06:04]} 19. Qf3 {[%emt 0:00:03]} h5 {[%emt 0:05:49]} 20. Re1 {[%emt 0:00:05]} Kh8 {[%emt 0:13:54]} 21. Nd3 {[%emt 0:00:51]} Bg4 {[%emt 0:01:06]} 22. Qg3 {[%emt 0:00:29]} Rg8 {[%emt 0:01:56]} 23. f3 {[%emt 0:01:56]} Nxg2 {[%emt 0:06:38]} 24. fxg4 {[%emt 0:01:13]} Nxe1 {[%emt 0:00:14]} 25. Rxe1 {[%emt 0:00:31]} f6 {[%emt 0:01:24]} 26. Kf2 {[%emt 0:01:17]} Rg6 {[%emt 0:01:46]} 27. Rh1 {[%emt 0:00:16]} Rag8 {[%emt 0:00:25]} 28. Qe3 {[%emt 0:00:50]} h4 {[%emt 0:02:11]} 29. Qxg5 {[%emt 0:00:45]} fxg5 {[%emt 0:00:14]} 30. Nxe5 {[%emt 0:00:53]} Rf8+ {[%emt 0:01:26]} 31. Ke3 {[%emt 0:00:18]} Re6 {[%emt 0:00:22]} 32. Nf3 {[%emt 0:00:03]} Rg8 {[%emt 0:01:23]} 33. Rd1 {[%emt 0:00:39]} Rh6 {[%emt 0:04:16]} 34. Rd6 {[%emt 0:00:53]} Rgg6 {[%emt 0:00:25]} 35. Nxg5 {[%emt 0:00:57]} Rxd6 {[%emt 0:00:39]} 36. cxd6 {[%emt 0:00:03]} Kg7 {[%emt 0:01:36]} 37. d7 {[%emt 0:00:06]} Rd6 {[%emt 0:00:08]} 1-0

[Event "84th ESP-ch 2019"]
[Site "Marbella"]
[Date "2019.11.22"]
[Round "7.27"]
[White "Pindado Campos, Raul"]
[Black "Moral Garcia, Serafin"]
[Result "0-1"]
[WhiteElo "2100"]
[BlackElo "2267"]
[Annotator "NA"]
[PlyCount "112"]
[EventDate "2019.11.16"]
[EventType "swiss"]
[EventCountry "ESP"]
[SourceTitle "playchess.com"]
[Source "ChessBase"]
[SourceQuality "1"]
[TimeControl "5400+30"]

1. d4 {[%emt 0:00:00]} Nf6 {[%emt 0:00:00]} 2. c4 {[%emt 0:00:00]} g6 {[%emt 0:00:00]} 3. Nf3 {[%emt 0:00:08]} Bg7 {[%emt 0:00:08]} 4. g3 {[%emt 0:00:08]} d5 {[%emt 0:00:03]} 5. Bg2 {[%emt 0:00:48]} dxc4 {[%emt 0:00:25]} 6. O-O {[%emt 0:00:12]} O-O {[%emt 0:00:19]} 7. Na3 {[%emt 0:00:43]} c3 {[%emt 0:00:09]} 8. bxc3 {[%emt 0:03:27]} c5 {[%emt 0:00:28]} 9. Ne5 {[%emt 0:03:35]} Nc6 {[%emt 0:00:08]} 10. Nxc6 {[%emt 0:06:44]} bxc6 {[%emt 0:00:09]} 11. Nc4 {[%emt 0:16:07] D77: Fianchetto Grünfeld: 6 0-0: Replies other than 6...c6} Nd5 {[%emt 0:06:28]} 12. Bb2 {[%emt 0:20:24]} (12. Bd2 Ba6 13. Ne5 Qd6 14. Re1 cxd4 15. cxd4 Bxe5 16. dxe5 Qxe5 17. Rc1 Rfd8 18. Qc2 {1-0 (41) Kramnik,V (2796)-Naroditsky,D (2628) Doha 2015}) 12... Ba6 {[%emt 0:10:18]} 13. Ne5 {[%emt 0:03:06]} Bxe5 {[%emt 0:13:42]} 14. dxe5 {[%emt 0:00:08]} Rb8 {[%emt 0:01:06]} 15. Qc2 {[%emt 0:06:19]} Qb6 $146 {[%emt 0:04:31]} ({Predecessor:} 15... Qc7 16. Rfb1 Rb7 17. c4 Nb6 18. Bc3 Nxc4 19. Rxb7 Qxb7 {1-0 (46) Miles,A (2590)-Reeve,J Vancouver 1981}) 16. Rfb1 {[%emt 0:00:47]} Bc4 {[%emt 0:02:52]} 17. e6 {[%emt 0:10:37]} f6 {[%emt 0:02:38]} 18. e4 {[%emt 0:01:19]} Nc7 {[%emt 0:00:29]} 19. Bc1 {[%emt 0:00:22]} Qa6 {[%emt 0:02:18]} 20. Rxb8 {[%emt 0:04:59]} Rxb8 {[%emt 0:00:41]} 21. e5 {[%emt 0:01:23]} Nxe6 {[%emt 0:02:41]} 22. exf6 $1 {[%emt 0:00:22]} exf6 {[%emt 0:00:02]} 23. h4 {[%emt 0:01:28]} Bd3 {[%emt 0:03:53]} 24. Qd1 {[%emt 0:01:14]} c4 {[%emt 0:00:09]} 25. h5 {[%emt 0:02:04]} Qb5 {[%emt 0:02:15]} 26. Ba3 {[%emt 0:01:23]} Qf5 {[%emt 0:09:02]} 27. Qf3 {[%emt 0:04:13]} Qxf3 $15 {[%emt 0:02:16]} ({And not} 27... gxh5 28. Qxc6 Ng7 29. Re1 $18) 28. Bxf3 {[%emt 0:00:01]} Rb6 {[%emt 0:00:07]} 29. Re1 {[%emt 0:02:24]} Kf7 {[%emt 0:00:05]} 30. Bc1 {[%emt 0:02:12]} Ke7 {[%emt 0:03:09]} 31. Be3 {[%emt 0:03:07]} Ra6 {[%emt 0:00:11]} 32. a4 {[%emt 0:00:38]} Kd6 {[%emt 0:01:14]} 33. hxg6 {[%emt 0:00:24]} hxg6 {[%emt 0:00:03]} 34. Bd1 {[%emt 0:00:15]} c5 {[%emt 0:01:09]} 35. Kg2 {[%emt 0:00:34]} Rb6 {[%emt 0:00:23]} 36. Bf3 {[%emt 0:01:55]} Rb3 {[%emt 0:01:50]} 37. Rc1 {[%emt 0:00:13]} Ra3 {[%emt 0:03:08]} 38. Bd1 {[%emt 0:00:48]} f5 {[%emt 0:00:59]} 39. Bh6 {[%emt 0:02:23]} Ke5 {[%emt 0:00:55]} 40. Be3 {[%emt 0:00:27]} Ra2 {[%emt 0:00:23]} 41. Kg1 {[%emt 0:00:37]} g5 {[%emt 0:01:35]} 42. f3 {[%emt 0:00:36]} f4 {[%emt 0:03:10]} 43. gxf4+ {[%emt 0:00:02]} gxf4 {[%emt 0:00:06]} 44. Bf2 {[%emt 0:00:25]} Kf5 {[%emt 0:00:10]} 45. Be1 {[%emt 0:01:46]} Ng5 {[%emt 0:01:18]} 46. Bh4 {[%emt 0:00:23]} a5 {[%emt 0:00:51]} 47. Kh1 {[%emt 0:01:22]} Kg6 {[%emt 0:01:30]} 48. Kg1 {[%emt 0:00:38]} Kh5 {[%emt 0:00:03]} 49. Be1 {[%emt 0:00:34]} Nh3+ {[%emt 0:00:04]} 50. Kh1 {[%emt 0:00:19]} Kg5 {[%emt 0:00:12]} 51. Bc2 {[%emt 0:00:50]} Bxc2 {[%emt 0:00:55]} 52. Bh4+ {[%emt 0:00:34]} Kxh4 {[%emt 0:00:25]} 53. Re1 {[%emt 0:00:30]} Ng5 {[%emt 0:00:53]} 54. Rg1 {[%emt 0:00:28]} Bf5 {[%emt 0:00:30]} 55. Rd1 {[%emt 0:00:32]} Nxf3 {[%emt 0:00:32]} 56. Rd5 {[%emt 0:00:20]} Rh2# 0-1

[Event "84th ESP-ch 2019"]
[Site "Marbella"]
[Date "2019.11.22"]
[Round "7.28"]
[White "Kolotilina, Liudmila"]
[Black "Arroyo Rodriguez, Jesus"]
[Result "1-0"]
[WhiteElo "2242"]
[BlackElo "2112"]
[Annotator "ChessBase"]
[PlyCount "81"]
[EventDate "2019.11.16"]
[EventType "swiss"]
[EventCountry "ESP"]
[SourceTitle "playchess.com"]
[Source "ChessBase"]
[SourceQuality "1"]
[TimeControl "5400+30"]

1. b3 {[%emt 0:00:00]} Nf6 {[%emt 0:05:04]} 2. Bb2 {[%emt 0:00:00]} b6 {[%emt 0:00:21]} 3. Nf3 {[%emt 0:02:17]} Bb7 {[%emt 0:01:49]} 4. c4 {[%emt 0:01:25]} c5 {[%emt 0:00:54]} 5. Nc3 {[%emt 0:00:32]} d6 {[%emt 0:03:00]} 6. e3 {[%emt 0:02:14]} g6 {[%emt 0:01:23]} 7. Be2 {[%emt 0:14:03]} Bg7 {[%emt 0:01:17]} 8. O-O {[%emt 0:00:24]} O-O {[%emt 0:00:14]} 9. d4 {[%emt 0:00:06]} cxd4 {[%emt 0:08:38]} 10. exd4 {[%emt 0:00:05]} Nbd7 {[%emt 0:02:46]} 11. d5 {[%emt 0:02:13]} Ne4 {[%emt 0:05:04]} 12. Qc2 {[%emt 0:00:13]} Nxc3 {[%emt 0:00:58]} 13. Bxc3 {[%emt 0:00:02]} Rc8 {[%emt 0:05:34]} 14. Bxg7 {[%emt 0:00:35]} Kxg7 {[%emt 0:00:19]} 15. Nd4 {[%emt 0:06:36]} Nf6 {[%emt 0:03:34]} 16. Qb2 {[%emt 0:02:24]} Qd7 {[%emt 0:06:12]} 17. Rae1 {[%emt 0:02:44]} a6 {[%emt 0:05:35]} 18. h3 {[%emt 0:07:31]} Kg8 {[%emt 0:00:47]} 19. a4 {[%emt 0:00:14]} Rc7 {[%emt 0:04:02]} 20. Qd2 {[%emt 0:01:53]} Rb8 {[%emt 0:03:06]} 21. Bd3 {[%emt 0:03:24]} Bc8 {[%emt 0:01:26]} 22. Nc6 {[%emt 0:03:08]} Rbb7 {[%emt 0:02:02]} 23. Rxe7 {[%emt 0:01:14]} Qxe7 {[%emt 0:02:10]} 24. Nxe7+ {[%emt 0:00:01]} Rxe7 {[%emt 0:00:09]} 25. Qf4 {[%emt 0:01:01]} Ne8 {[%emt 0:00:06]} 26. h4 {[%emt 0:01:37]} Re5 {[%emt 0:01:42]} 27. Qd4 {[%emt 0:05:10]} Ree7 {[%emt 0:06:25]} 28. Qf4 {[%emt 0:03:35]} Bd7 {[%emt 0:01:07]} 29. h5 {[%emt 0:00:33]} b5 {[%emt 0:00:36]} 30. cxb5 {[%emt 0:01:38]} axb5 {[%emt 0:00:02]} 31. Qb4 {[%emt 0:01:59]} Re5 {[%emt 0:00:29]} 32. h6 {[%emt 0:05:44]} Rxd5 {[%emt 0:02:27]} 33. Be4 {[%emt 0:01:17]} Be6 {[%emt 0:01:44]} 34. Bxd5 {[%emt 0:00:12]} Bxd5 {[%emt 0:00:02]} 35. Re1 {[%emt 0:00:24]} Be6 {[%emt 0:00:54]} 36. a5 {[%emt 0:00:22]} Kf8 {[%emt 0:01:31]} 37. a6 {[%emt 0:00:44]} Rb8 {[%emt 0:00:02]} 38. Qd4 {[%emt 0:01:59]} b4 {[%emt 0:02:13]} 39. Qa7 {[%emt 0:00:29]} Rc8 {[%emt 0:01:36]} 40. Qb7 {[%emt 0:00:54]} Rc7 {[%emt 0:00:42]} 41. Qxb4 {[%emt 0:00:02]} 1-0

[Event "84th ESP-ch 2019"]
[Site "Marbella"]
[Date "2019.11.22"]
[Round "7.29"]
[White "Garcia Romero, Benjamin Abel"]
[Black "Perez Guerra, Alberto"]
[Result "1-0"]
[WhiteElo "2234"]
[BlackElo "1988"]
[Annotator "ChessBase"]
[PlyCount "57"]
[EventDate "2019.11.16"]
[EventType "swiss"]
[EventCountry "ESP"]
[SourceTitle "playchess.com"]
[Source "ChessBase"]
[SourceQuality "1"]
[TimeControl "5400+30"]

1. d4 {[%emt 0:00:00]} Nf6 {[%emt 0:00:00]} 2. c4 {[%emt 0:00:12]} e6 {[%emt 0:00:00]} 3. g3 {[%emt 0:00:21]} d5 {[%emt 0:00:00]} 4. Nf3 {[%emt 0:00:15]} Be7 {[%emt 0:00:00]} 5. Bg2 {[%emt 0:00:25]} O-O {[%emt 0:00:00]} 6. O-O {[%emt 0:00:14]} dxc4 {[%emt 0:00:07]} 7. Qa4 {[%emt 0:01:30]} a6 {[%emt 0:00:39]} 8. Qxc4 {[%emt 0:00:08]} b5 {[%emt 0:00:07]} 9. Qc2 {[%emt 0:00:11]} Bb7 {[%emt 0:00:01]} 10. Bd2 {[%emt 0:00:22]} Be4 {[%emt 0:00:06]} 11. Qc1 {[%emt 0:00:36]} c6 {[%emt 0:00:07]} 12. Rd1 {[%emt 0:03:54]} Nbd7 {[%emt 0:03:25]} 13. Nc3 {[%emt 0:05:54]} Bg6 {[%emt 0:00:29]} 14. Nh4 {[%emt 0:05:36]} Bh5 {[%emt 0:01:05]} 15. a3 {[%emt 0:02:24]} Rc8 {[%emt 0:12:28]} 16. b4 {[%emt 0:00:28]} Nb6 {[%emt 0:06:11]} 17. Nf3 {[%emt 0:00:11]} Nc4 {[%emt 0:01:32]} 18. Bg5 {[%emt 0:04:24]} a5 {[%emt 0:08:46]} 19. Bxf6 {[%emt 0:09:26]} gxf6 {[%emt 0:02:39]} 20. Ne4 {[%emt 0:05:35]} axb4 {[%emt 0:04:36]} 21. axb4 {[%emt 0:00:07]} Bxb4 {[%emt 0:00:26]} 22. Ra7 {[%emt 0:01:32]} f5 {[%emt 0:12:36]} 23. Rd7 {[%emt 0:03:39]} fxe4 {[%emt 0:00:01]} 24. Rxd8 {[%emt 0:00:06]} Rfxd8 {[%emt 0:00:19]} 25. Ng5 {[%emt 0:14:46]} e5 {[%emt 0:06:49]} 26. Bxe4 {[%emt 0:04:04]} Bxe2 {[%emt 0:00:51]} 27. Nxh7 {[%emt 0:01:11]} Rd6 {[%emt 0:04:31]} 28. Qg5+ {[%emt 0:00:50]} Kh8 {[%emt 0:00:01]} 29. Nf6 {[%emt 0:01:31]} 1-0

[Event "84th ESP-ch 2019"]
[Site "Marbella"]
[Date "2019.11.22"]
[Round "7.30"]
[White "Ruiz Buendia, Miguel"]
[Black "Rodriguez Reinoso, Victoriano"]
[Result "0-1"]
[WhiteElo "1875"]
[BlackElo "2204"]
[Annotator "ChessBase"]
[PlyCount "56"]
[EventDate "2019.11.16"]
[EventType "swiss"]
[EventCountry "ESP"]
[SourceTitle "playchess.com"]
[Source "ChessBase"]
[SourceQuality "1"]
[TimeControl "5400+30"]

1. e4 {[%emt 0:00:00]} c5 {[%emt 0:00:00]} 2. b3 {[%emt 0:00:00]} g6 {[%emt 0:00:39]} 3. Bb2 {[%emt 0:00:00]} Nf6 {[%emt 0:00:14]} 4. Nc3 {[%emt 0:00:27]} Bg7 {[%emt 0:01:32]} 5. d3 {[%emt 0:02:57]} Nc6 {[%emt 0:01:34]} 6. g3 {[%emt 0:01:05]} O-O {[%emt 0:03:31]} 7. Bg2 {[%emt 0:00:45]} d6 {[%emt 0:02:08]} 8. Nge2 {[%emt 0:01:19]} Nd4 {[%emt 0:03:33]} 9. Qd2 {[%emt 0:03:29]} Bh3 {[%emt 0:07:50]} 10. Kf1 {[%emt 0:06:14]} Qd7 {[%emt 0:06:17]} 11. Nxd4 {[%emt 0:06:35]} cxd4 {[%emt 0:00:05]} 12. Ne2 {[%emt 0:03:57]} e5 {[%emt 0:00:43]} 13. Ng1 {[%emt 0:06:42]} Bxg2+ {[%emt 0:01:40]} 14. Kxg2 {[%emt 0:00:04]} d5 {[%emt 0:06:41]} 15. f3 {[%emt 0:08:02]} Rac8 {[%emt 0:01:32]} 16. Ne2 {[%emt 0:01:48]} Rfd8 {[%emt 0:03:45]} 17. Rac1 {[%emt 0:02:01]} h5 {[%emt 0:04:55]} 18. c3 {[%emt 0:06:43]} dxe4 {[%emt 0:01:41]} 19. fxe4 {[%emt 0:03:57]} Ng4 {[%emt 0:01:02]} 20. cxd4 {[%emt 0:04:10]} Bh6 {[%emt 0:00:16]} 21. Qb4 {[%emt 0:03:44]} Ne3+ {[%emt 0:08:18]} 22. Kf2 {[%emt 0:01:02]} Qh3 {[%emt 0:01:30]} 23. Rcg1 {[%emt 0:01:42]} Rc2 {[%emt 0:00:44]} 24. Bc1 {[%emt 0:06:33]} Ng4+ {[%emt 0:01:20]} 25. Kf3 {[%emt 0:02:04]} Nxh2+ {[%emt 0:00:40]} 26. Kf2 {[%emt 0:00:21]} Qg4 {[%emt 0:00:33]} 27. Re1 {[%emt 0:01:22]} Qf3+ {[%emt 0:01:31]} 28. Kg1 {[%emt 0:00:18]} Ng4 {[%emt 0:03:00]} 0-1

[Event "84th ESP-ch 2019"]
[Site "Marbella"]
[Date "2019.11.22"]
[Round "7.31"]
[White "Gomez Dieguez, David"]
[Black "Diaz Mino, Pablo"]
[Result "1-0"]
[WhiteElo "2336"]
[BlackElo "2135"]
[Annotator "ChessBase"]
[PlyCount "61"]
[EventDate "2019.11.16"]
[EventType "swiss"]
[EventCountry "ESP"]
[SourceTitle "playchess.com"]
[Source "ChessBase"]
[SourceQuality "1"]
[TimeControl "5400+30"]

1. e4 {[%emt 0:00:00]} e5 {[%emt 0:00:00]} 2. Nf3 {[%emt 0:00:00]} Nc6 {[%emt 0:00:49]} 3. Bb5 {[%emt 0:00:00]} f5 {[%emt 0:00:06]} 4. Nc3 {[%emt 0:00:00]} fxe4 {[%emt 0:00:29]} 5. Nxe4 {[%emt 0:00:00]} Nf6 {[%emt 0:02:57]} 6. Nxf6+ {[%emt 0:00:22]} Qxf6 {[%emt 0:01:32]} 7. Qe2 {[%emt 0:00:26]} Be7 {[%emt 0:06:15]} 8. Bxc6 {[%emt 0:00:06]} dxc6 {[%emt 0:01:33]} 9. Nxe5 {[%emt 0:00:06]} O-O {[%emt 0:01:04]} 10. d4 {[%emt 0:00:32]} Bd6 {[%emt 0:08:15]} 11. f4 {[%emt 0:09:54]} Qh4+ {[%emt 0:03:14]} 12. g3 {[%emt 0:00:42]} Qh3 {[%emt 0:01:00]} 13. Be3 {[%emt 0:05:20]} Bxe5 {[%emt 0:12:30]} 14. dxe5 {[%emt 0:01:31]} Rd8 {[%emt 0:06:16]} 15. Bd2 {[%emt 0:14:09]} Rd5 {[%emt 0:08:31]} 16. O-O-O {[%emt 0:22:40]} Bg4 {[%emt 0:02:04]} 17. Qf1 {[%emt 0:00:03]} Qh5 {[%emt 0:00:42]} 18. Re1 {[%emt 0:00:29]} Bf3 {[%emt 0:13:42]} 19. Rg1 {[%emt 0:00:05]} Rad8 {[%emt 0:00:21]} 20. Bc3 {[%emt 0:06:57]} Rd1+ {[%emt 0:10:26]} 21. Rxd1 {[%emt 0:00:12]} Rxd1+ {[%emt 0:00:01]} 22. Qxd1 {[%emt 0:00:06]} Bxd1 {[%emt 0:00:01]} 23. Rxd1 {[%emt 0:00:01]} Qh3 {[%emt 0:03:57]} 24. b3 {[%emt 0:03:13]} h5 {[%emt 0:01:48]} 25. Rd8+ {[%emt 0:10:13]} Kf7 {[%emt 0:01:19]} 26. Bb4 {[%emt 0:01:00]} c5 {[%emt 0:04:26]} 27. Bxc5 {[%emt 0:00:54]} Qxh2 {[%emt 0:00:34]} 28. f5 {[%emt 0:02:05]} g5 {[%emt 0:04:53]} 29. e6+ {[%emt 0:01:36]} Kf6 {[%emt 0:00:03]} 30. Rf8+ {[%emt 0:00:57]} Kg7 {[%emt 0:00:28]} 31. e7 {[%emt 0:00:56]} 1-0

[Event "84th ESP-ch 2019"]
[Site "Marbella"]
[Date "2019.11.22"]
[Round "7.32"]
[White "Romero Calduch, Sergio"]
[Black "Medarde Santiago, Luis Marcos"]
[Result "1-0"]
[WhiteElo "2130"]
[BlackElo "2285"]
[Annotator "ChessBase"]
[PlyCount "111"]
[EventDate "2019.11.16"]
[EventType "swiss"]
[EventCountry "ESP"]
[SourceTitle "playchess.com"]
[Source "ChessBase"]
[SourceQuality "1"]
[TimeControl "5400+30"]

1. d4 {[%emt 0:00:00]} Nf6 {[%emt 0:00:00]} 2. c4 {[%emt 0:00:00]} e6 {[%emt 0:00:16]} 3. Nf3 {[%emt 0:00:01]} c5 {[%emt 0:01:20]} 4. d5 {[%emt 0:00:22]} exd5 {[%emt 0:00:05]} 5. cxd5 {[%emt 0:00:04]} d6 {[%emt 0:00:03]} 6. Nc3 {[%emt 0:00:07]} g6 {[%emt 0:00:07]} 7. h3 {[%emt 0:00:15]} Bg7 {[%emt 0:02:35]} 8. Bf4 {[%emt 0:00:09]} O-O {[%emt 0:00:33]} 9. e3 {[%emt 0:00:08]} a6 {[%emt 0:00:54]} 10. a4 {[%emt 0:00:09]} Ne8 {[%emt 0:00:03]} 11. Be2 {[%emt 0:01:49]} Nd7 {[%emt 0:01:21]} 12. O-O {[%emt 0:02:34]} Ne5 {[%emt 0:01:07]} 13. e4 {[%emt 0:05:12]} b6 {[%emt 0:15:56]} 14. Nxe5 {[%emt 0:07:56]} Bxe5 {[%emt 0:06:45]} 15. Bh6 {[%emt 0:04:45]} Ng7 {[%emt 0:09:04]} 16. Qd2 {[%emt 0:17:20]} Re8 {[%emt 0:01:36]} 17. Rae1 {[%emt 0:04:08]} Bd7 {[%emt 0:10:27]} 18. Kh1 {[%emt 0:03:59]} f5 {[%emt 0:03:40]} 19. Bd3 {[%emt 0:02:06]} Qf6 {[%emt 0:03:59]} 20. Bg5 {[%emt 0:11:43]} Qf7 {[%emt 0:01:44]} 21. exf5 {[%emt 0:02:59]} Bxf5 {[%emt 0:06:38]} 22. Bxf5 {[%emt 0:11:45]} Nxf5 {[%emt 0:07:14]} 23. Ne4 {[%emt 0:00:57]} Bd4 {[%emt 0:13:35]} 24. Qd3 {[%emt 0:02:38]} Re5 {[%emt 0:05:37]} 25. g4 {[%emt 0:08:34]} Ne7 {[%emt 0:04:59]} 26. f4 {[%emt 0:00:26]} Rxd5 {[%emt 0:00:32]} 27. Bxe7 {[%emt 0:01:17]} Qxe7 {[%emt 0:00:16]} 28. Qc4 {[%emt 0:00:42]} Qf7 {[%emt 0:02:59]} 29. Ng5 {[%emt 0:01:20]} Rxg5 {[%emt 0:00:06]} 30. Qxf7+ {[%emt 0:00:05]} Kxf7 {[%emt 0:00:04]} 31. fxg5+ {[%emt 0:00:05]} Kg8 {[%emt 0:00:28]} 32. Re7 {[%emt 0:01:53]} Bxb2 {[%emt 0:00:42]} 33. Rb1 {[%emt 0:00:30]} Be5 {[%emt 0:01:07]} 34. Rxb6 {[%emt 0:00:12]} c4 {[%emt 0:00:27]} 35. Rc6 {[%emt 0:02:09]} c3 {[%emt 0:00:21]} 36. Rec7 {[%emt 0:01:38]} d5 {[%emt 0:00:48]} 37. Re7 {[%emt 0:03:39]} Bh8 {[%emt 0:00:28]} 38. Rd7 {[%emt 0:01:17]} d4 {[%emt 0:00:09]} 39. Kg2 {[%emt 0:00:30]} Rf8 {[%emt 0:00:34]} 40. a5 {[%emt 0:01:36]} Be5 {[%emt 0:00:22]} 41. h4 {[%emt 0:01:26]} Rf4 {[%emt 0:00:41]} 42. Rxa6 {[%emt 0:01:43]} Rxg4+ {[%emt 0:00:36]} 43. Kf3 {[%emt 0:00:24]} Rf4+ {[%emt 0:00:28]} 44. Ke2 {[%emt 0:00:12]} Rf8 {[%emt 0:00:41]} 45. Rc6 {[%emt 0:00:51]} Bg3 {[%emt 0:00:29]} 46. a6 {[%emt 0:00:41]} Rf2+ {[%emt 0:00:01]} 47. Kd3 {[%emt 0:00:21]} Rd2+ {[%emt 0:00:21]} 48. Ke4 {[%emt 0:00:40]} Re2+ {[%emt 0:00:00]} 49. Kf3 {[%emt 0:00:14]} Re3+ {[%emt 0:01:37]} 50. Kg4 {[%emt 0:00:13]} Kf8 {[%emt 0:00:30]} 51. Rc8+ {[%emt 0:00:15]} Re8 {[%emt 0:00:05]} 52. Rxe8+ {[%emt 0:00:08]} Kxe8 {[%emt 0:00:03]} 53. Rxd4 {[%emt 0:00:20]} Bf2 {[%emt 0:00:32]} 54. Rc4 {[%emt 0:00:07]} Ke7 {[%emt 0:00:25]} 55. Rxc3 {[%emt 0:00:40]} Bd4 {[%emt 0:00:13]} 56. a7 {[%emt 0:00:14]} 1-0